MDQL
is popping MORE tags! Check the
thread
!
Quizzes
Events
Quiz Creation
Community
Videos
Private Events
Remove Ads
Sign In
Join for FREE
Feedback
Dark Mode
Quiz Categories
Sports
Geography
Music
Movies
Television
Just For Fun
Miscellaneous
History
Literature
Language
Science
Gaming
Entertainment
Religion
Holiday
For Kids
Quiz Lab
Recent
Popular Today
Quiz Kudos Today
Editor Picks
Curator Picks
Quizzes by...
Day
Popularity
Type
Ratings
Length
Year
Community
Subscriptions
Recent Discussions
Orange Saloon
Badges
Playlists
Quests
Create
Leaderboards
Showdown
Live 5
Trivia Bingo
Activity
Puzzle Library
Sporcle Events
Private Events
Virtual Trivia
Globe League
Become a Host
Pub Owners
SporcleCon
Opinionation
Our Games
Videos
Blog
Mobile Apps
Partnerships
Remove Ads and Go Orange
Feedback
Sports
Athletes
MLB
NBA
NHL
NFL
Soccer
Sports Teams
WWE
NCAA
Football
Premier League
Basketball
Baseball
Hockey
Golf
Tennis
Cricket
Rugby
Auto Racing
Olympics
World Cup
Sports
Athletes
MLB
NBA
NHL
NFL
Soccer
Sports Teams
WWE
NCAA
Football
Premier League
Basketball
Baseball
Hockey
Golf
Tennis
Cricket
Rugby
Auto Racing
Olympics
World Cup
Random Quiz
Search Sporcle
×
Quiz Lab
Quiz Lab
Sports
WWE
Type in answers that appear in a list
Type in answers that appear in a list
Classic
Best Score? Go Orange.
WWE Ruthless Aggression figures 1-4 Stats
Can you name the WWE Ruthless Aggression figures 1-4
By
cactushardy
20m
25 Questions
96 Plays
96 Plays
96 Plays
Comments
Comments
Give Quiz Kudos
Give Quiz Kudos
-
- Ratings
hide this ad
More Info
Replay
Link that replays current quiz
Next Quiz
Link to next quiz in quiz playlist
You Got
0%
They Got
Avg Score
35%
Avg Friend Score
Upgrade to see
Score Distribution
Jump to the score distribution portion of the page
Score
0/25
Timer
20:00
0
Plays Today
Series
Superstar
% Correct
4
The Undertaker
74%
1
John Cena
68.8%
3
John Cena
68.8%
2
Batista
57.3%
1
Randy Orton
56.3%
The Rock
48.4%
1
Rey Mysterio
47.9%
3
Rey Mysterio
47.9%
1
Brock Lesnar
46.9%
4
Chris Benoit
41.7%
4
Eddie Guerrero
34.4%
1
Chavo Guerrero
29.2%
4
Goldberg
29.2%
Series
Superstar
% Correct
4
Rob Van Dam
26%
3
Goldust
22.9%
4
The Hurricane
22.9%
2
Scott Steiner
21.9%
3
Scott Steiner
21.9%
1
Eric Bischoff
20.8%
2
Jamie Noble
19.8%
2
Rico
18.8%
2
Billy Kidman
17.7%
2
Tommy Dreamer
17.7%
3
A-Train
17.7%
3
Stone Cold Steve Austin
15.6%
Quiz Playlist
Details
Report
Send in Message
Add To Playlist
More Info:
Sorry if it doesnt work,still learning.
Classic:
Type in answers that appear in a list
Last Updated: Oct 13, 2021
Quiz Scoreboard
CHALLENGE
Sign Up to Join the Scoreboard
Show All
Scores
Hide
Comments
May contain spoilers
Recently Published
Holiday 10x10 Sorting Gallery
by lukepisani3
Holiday
15m
Two Season TV Shows II
by 123Four
Television
10m
Image Sorting: Flags VI
by Barbecue
Geography
2m
More to Explore
Quiz From the Vault
Featured Blog Post
14 Easter Pick-up Lines to Find Eggs With
hide this ad
You Might Also Like...
Tags
WWE Quiz
1-4
Aggression
Superstar
Today's Top Quizzes in Sports
Browse Sports
hide this ad
Today's Top Quizzes in WWE
Browse WWE
Top Contributed Quizzes in Sports
1
Les meilleurs buteurs des matchs entre le PSG et l’OM
2
Les entraîneurs de l'OM et du PSG au 21e siècle
3
2022 World Cup Stars
4
Players with Multiple 50 Home Run Seasons
5
Les joueurs passés par le PSG et l'OM
6
FIFA Club World Cup Champions
7
Top 10 NHL Goal Scorers of All Time
8
Criteria MLB: Left Handed Sluggers
9
Les joueurs passés par le LOSC et le RC Lens
10
2023 MLB Unique Player Accomplishments
Explore More
Trending Topics
NBA
Marvel
Disney
Kpop
Harry Potter
Anime
Crossword
Song
Puzzle
The Office
Country
NFL
Pokémon
Soccer
WWE
hide this ad
More By:
cactushardy
Quiz
Plays
Rating
Category
Featured
Created
The Amazing iCarly Quiz
2,446
3.36
Television
Jul 4, 2017
My favorite anime by Anilist thumbnail.
97
2.67
Entertainment
Sep 20, 2021
WWE Ruthless Aggression figures 1-4
96
1.00
Sports
Jan 22, 2014
Musical Twists
29
3.00
Music
Jan 22, 2018
Track Listing For Purple
11
1.00
Music
Mar 22, 2015
Go to Creator's Profile
Score Distribution
Quiz Creator Spotlight
cactushardy
Follow
Send a Message
Quizzes Created
-
Created Quiz Play Count
-
More By This Creator
Popular Quizzes Today
1
Find the US States - No Outlines Minefield
2
Colored Red Africa Blitz
3
Find the 'City' Movie
4
The Countries of the World
5
Find the US States
6
5x2 Blitz: Bands
7
Find the Countries of Europe - No Outlines Minefield
8
US States
More Sports Quizzes
Trivia Jigsaw: MLB
Curator's Pick
Trending Quizzes
Colored Red Europe Blitz I
Colored Red Europe Blitz II
Colored Red Africa Blitz II
Colored Red Europe Blitz III
Colored Red Africa Blitz III
Recently Updated
Odd Team Out - Big 4 Players
pecheneg
Quick Pick: 20 Twenties
pecheneg
March Madness Men's Triple Doubles
pecheneg
How Do You Spell That?
pecheneg
Godzilla Movies
pecheneg
Grab Bag: 4-10 Letters
pecheneg
2024 March Madness Bracket
pecheneg
Famous TV Couples
Peacemaker
Champions League XIs: Real Madrid
pecheneg
Largest US Cities 1790-2010
pecheneg
Trending Topics
Marvel
Kpop
Crossword
Disney
NBA
Anime
Harry Potter
Soccer
Country
The Office
Puzzle
Pokémon
WWE
NFL
Song
Your Account Isn't Verified!
In order to create a playlist on Sporcle, you need to verify the email address you used during registration. Go to your
Sporcle Settings
to finish the process.
Report this User
Report this user for behavior that violates our
Community Guidelines
.
Details:
Send Report
Go to the Sporcle.com Mobile Site →
Comments